000 00850nam a2200277Ia 4500
001 Para_3924
003 CHAP
008 220125s1966 xx 000 0 und d
010 _a202446
040 _cCHAP
090 _aPA FOLLETO 1319
100 _aLavigne, Robert J
_965149
245 _aParasites and predators of Wyoming rangeland :
_b grasshoppers /
_c Robert J. Lavigne and Robert E. Pfadt
260 _aLaramie, Wy. :
_b University of Wyoming
300 _a31 p.
440 _aWyoming Agr. Exp. Sta. Science monograph; 3
_9167651
650 _aInsectos parĂ¡sitos y predadores Chapulines
_9167652
700 _aPfadt, Robert E.
_987723
901 _aPA FOLLETO 1319
902 _aA
905 _a0000001966 LAR 0000000000 00
910 _a1966
942 _cPARA
942 _cPARA
_d1
999 _c202446
_d202446